Deep Belief Nets in C++ and CUDA C : Vol. 2 : Autoencoding in the Complex Domain /

Na minha lista:
Detalhes bibliográficos
Autor principal: Masters, Timothy (Author)
Formato: Livro
Idioma:inglês
Publicado em: New York Apress 2018
Assuntos:
Tags: Adicionar Tag
Sem tags, seja o primeiro a adicionar uma tag!

MARC

LEADER 00000nam a22000003a 4500
001 0066802
003 SK-STU
005 20180824073640.5
007 ta
008 180824s ----xo-----e------000-0-----d
020 |a 978-1-4842-3645-1 
040 |a STU  |b slo 
041 0 |a eng 
044 |a xxu 
100 1 |a Masters, Timothy  |4 aut 
245 1 0 |a Deep Belief Nets in C++ and CUDA C :  |b Vol. 2 : Autoencoding in the Complex Domain /  |c aut. Timothy Masters 
260 |a New York  |b Apress  |c 2018 
300 |a 258 s. 
650 0 7 |a big data 
650 0 7 |a programovací jazyk 
650 0 7 |a programovací jazyk C++ 
996 |b 284M087775  |c M* 14142-1  |l MMKN  |s A  |a 24  |w 0066802_0001